[Event "Ceske Budejovice op-A"]
[Site "Ceske Budejovice"]
[Date "2022.07.05"]
[Round "5"]
[White "Valantiejus, Vaidotas"]
[Black "Lacina, Adolf"]
[Result "1-0"]
[WhiteElo "2062"]
[BlackElo "2225"]
[PlyCount "71"]
[EventDate "2022.07.01"]
[EventType "swiss"]
[EventRounds "9"]
[EventCountry "CZE"]
[SourceTitle "CBM 209 Extra"]
[Source "ChessBase"]
[SourceDate "2022.09.30"]
[SourceVersion "1"]
[SourceVersionDate "2022.09.30"]
[SourceQuality "1"]

1. e4 e6 2. d4 d5 3. Nd2 Be7 4. Ngf3 Nf6 5. e5 Nfd7 6. Bd3 c5 7. c3 b6 8. 0-0 Ba6 9. Ne1 0-0 10. Qg4 Qc8 11. Ndf3 f5 12. Qh3 Qd8 13. b3 Rf7 14. Kh1 Nf8 15. Rg1 g5 16. g4 f4 17. Bc2 Qc7 18. Ba3 Nc6 19. Rc1 Rc8 20. Rd1 Rg7 21. Bb1 Na5 22. Nd3 cxd4 23. Bxe7 Qxe7 24. cxd4 Rc3 25. Qf1 h5 26. Qe1 Rc7 27. Rc1 Bb5 28. Rxc7 Qxc7 29. h3 Be8 30. gxh5 Bxh5 31. Nxg5 Qe7 32. Nxf4 Rxg5 33. Nxh5 Kh8 34. Nf6 Qg7 35. Rg4 Qh6 36. Qe3 1-0

[Event "CZE-chT2A 1920"]
[Site "Czech Republic"]
[Date "2019.11.03"]
[Round "2.1"]
[White "Pokorny, Petr"]
[Black "Lacina, Adolf"]
[Result "1-0"]
[WhiteElo "2233"]
[BlackElo "2224"]
[PlyCount "97"]
[EventDate "2019.10.13"]
[EventType "team-tourn"]
[EventRounds "11"]
[EventCountry "CZE"]
[SourceTitle "EXT 2024"]
[Source "ChessBase"]
[SourceDate "2023.10.10"]
[SourceVersion "1"]
[SourceVersionDate "2023.10.10"]
[SourceQuality "1"]
[WhiteTeam "Unichess Reserve"]
[BlackTeam "Strakonice"]
[WhiteTeamCountry "CZE"]
[BlackTeamCountry "CZE"]

1. d4 Nf6 2. Nf3 e6 3. Bf4 d5 4. e3 Nbd7 5. Bd3 Be7 6. h3 b6 7. 0-0 Bb7 8. Nbd2 0-0 9. c3 Ne4 10. Qc2 f5 11. Ne5 Nxe5 12. Bxe5 c5 13. f3 Nd6 14. Rae1 Rc8 15. Qb1 Bf6 16. Bxf6 Rxf6 17. dxc5 bxc5 18. e4 fxe4 19. fxe4 Rxf1+ 20. Rxf1 Qg5 21. Qe1 Rf8 22. Rxf8+ Kxf8 23. Nf3 Qf4 24. exd5 Bxd5 25. Qe5 Qxe5 26. Nxe5 Bxa2 27. Nd7+ Ke7 28. Nxc5 h6 29. b3 Nf5 30. Kf2 Kd6 31. Ne4+ Ke5 32. Nd2 Ne7 33. Bc4 Nc6 34. Ke3 Na5 35. Kd3 Nxc4 36. Nxc4+ Kf4 37. Kc2 Ke4 38. Nd2+ Ke3 39. c4 Kd4 40. Kb2 Bxb3 41. Kxb3 e5 42. Kb4 e4 43. c5 e3 44. Nf3+ Kd5 45. Kb5 e2 46. Ne1 g5 47. g4 Ke5 48. Kc6 a5 49. Kd7 1-0

[Event "CZE-chT2A 1819"]
[Site "Czech Republic"]
[Date "2019.03.17"]
[Round "10.1"]
[White "Lacina, Adolf"]
[Black "Rydl, Jiri"]
[Result "0-1"]
[WhiteElo "2269"]
[BlackElo "2420"]
[PlyCount "60"]
[EventDate "2018.10.14"]
[EventType "team-tourn"]
[EventRounds "11"]
[EventCountry "CZE"]
[SourceTitle "EXT 2022"]
[Source "ChessBase"]
[SourceDate "2021.10.06"]
[SourceVersion "1"]
[SourceVersionDate "2021.10.06"]
[SourceQuality "1"]
[WhiteTeam "Strakonice"]
[BlackTeam "Vlasim"]
[WhiteTeamCountry "CZE"]
[BlackTeamCountry "CZE"]

1. e4 d6 2. d4 Nf6 3. Nc3 e5 4. Nf3 Nbd7 5. Bc4 Be7 6. 0-0 0-0 7. Re1 c6 8. a4 a5 9. h3 exd4 10. Qxd4 Nc5 11. Ba2 Be6 12. Bxe6 Nxe6 13. Qd3 Re8 14. b3 d5 15. exd5 Nxd5 16. Nxd5 Qxd5 17. Bb2 Rad8 18. Qe4 Bb4 19. Qxd5 Rxd5 20. Red1 Red8 21. Rxd5 Rxd5 22. Kf1 f6 23. g3 Ng5 24. Nxg5 fxg5 25. Ba3 Bc3 26. Rc1 b5 27. axb5 cxb5 28. Rb1 Rd2 29. Bc5 Rxc2 30. Kg2 Rb2 0-1

[Event "CZE-chT2A 1819"]
[Site "Czech Republic"]
[Date "2018.12.16"]
[Round "5.1"]
[White "Lacina, Adolf"]
[Black "Smid, Miroslav"]
[Result "0-1"]
[WhiteElo "2269"]
[BlackElo "2266"]
[PlyCount "72"]
[EventDate "2018.10.14"]
[EventType "team-tourn"]
[EventRounds "11"]
[EventCountry "CZE"]
[SourceTitle "EXT 2022"]
[Source "ChessBase"]
[SourceDate "2021.10.06"]
[SourceVersion "1"]
[SourceVersionDate "2021.10.06"]
[SourceQuality "1"]
[WhiteTeam "Strakonice"]
[BlackTeam "Praha Bohemians"]
[WhiteTeamCountry "CZE"]
[BlackTeamCountry "CZE"]

1. e4 c5 2. Nf3 Nc6 3. d4 cxd4 4. Nxd4 e5 5. Nb5 a6 6. Nd6+ Bxd6 7. Qxd6 Qf6 8. Qd1 Qg6 9. Nc3 Nge7 10. h4 h5 11. Bg5 d5 12. Bd3 dxe4 13. Bxe4 Bf5 14. Qd3 f6 15. Bxf5 Nxf5 16. Be3 Rd8 17. Qe4 Qg4 18. Bb6 Rd7 19. a3 Kf7 20. Rh3 Ncd4 21. Rc1 Rc8 22. Kf1 Rc6 23. Bxd4 exd4 24. Qd3 Ne3+ 25. Rxe3 dxe3 26. Qxe3 Re6 27. Qc5 Qxh4 28. Kg1 Re5 29. Qb6 Qf4 30. Qb3+ Kg6 31. Rf1 h4 32. Nd1 Rg5 33. Qe6 Rd6 34. Qc8 Rxd1 35. Rxd1 Qf3 36. Qe8+ Kh7 0-1

[Event "CZE-chT2A 1819"]
[Site "Czech Republic"]
[Date "2018.11.18"]
[Round "3.1"]
[White "Lacina, Adolf"]
[Black "Miesbauer, Jan"]
[Result "0-1"]
[WhiteElo "2269"]
[BlackElo "2376"]
[PlyCount "74"]
[EventDate "2018.10.14"]
[EventType "team-tourn"]
[EventRounds "11"]
[EventCountry "CZE"]
[SourceTitle "EXT 2022"]
[Source "ChessBase"]
[SourceDate "2021.10.06"]
[SourceVersion "1"]
[SourceVersionDate "2021.10.06"]
[SourceQuality "1"]
[WhiteTeam "Strakonice"]
[BlackTeam "Pisek"]
[WhiteTeamCountry "CZE"]
[BlackTeamCountry "CZE"]

1. e4 e5 2. Nf3 Nc6 3. Bb5 a6 4. Ba4 Nf6 5. 0-0 Be7 6. Re1 b5 7. Bb3 d6 8. c3 0-0 9. h3 Bb7 10. d3 Na5 11. Bc2 c5 12. Nbd2 Re8 13. Nf1 Bf8 14. Ng3 g6 15. Bg5 h6 16. Bd2 Bg7 17. a4 c4 18. d4 exd4 19. Nxd4 Qd7 20. axb5 axb5 21. f4 h5 22. Nf3 Nb3 23. Rxa8 Bxa8 24. f5 d5 25. Bg5 dxe4 26. Nd4 Nxd4 27. cxd4 Qd6 28. Ne2 e3 29. Nf4 Ne4 30. fxg6 fxg6 31. Bxe4 Bxe4 32. Ne2 Bc6 33. h4 Qd5 34. Nf4 Qxd4 35. Qa1 Be5 36. Qa6 Qe4 37. Re2 Ra8 0-1

[Event "CZE-chT2A 1819"]
[Site "Czech Republic"]
[Date "2018.10.14"]
[Round "1.1"]
[White "Lacina, Adolf"]
[Black "Bodicky, Michal"]
[Result "0-1"]
[WhiteElo "2269"]
[BlackElo "2047"]
[PlyCount "72"]
[EventDate "2018.10.14"]
[EventType "team-tourn"]
[EventRounds "11"]
[EventCountry "CZE"]
[SourceTitle "EXT 2022"]
[Source "ChessBase"]
[SourceDate "2021.10.06"]
[SourceVersion "1"]
[SourceVersionDate "2021.10.06"]
[SourceQuality "1"]
[WhiteTeam "Strakonice"]
[BlackTeam "Pribram Banik"]
[WhiteTeamCountry "CZE"]
[BlackTeamCountry "CZE"]

1. e4 c5 2. Nf3 Nc6 3. d4 cxd4 4. Nxd4 Nf6 5. Nc3 e5 6. Ndb5 d6 7. Bg5 a6 8. Na3 b5 9. Bxf6 gxf6 10. Nd5 f5 11. Bxb5 axb5 12. Nxb5 Ra7 13. Nxa7 Nxa7 14. 0-0 Bg7 15. c4 Nc6 16. Qa4 Bd7 17. exf5 0-0 18. Rfd1 Nd4 19. Qa7 Nxf5 20. c5 Bc6 21. Nb4 Be4 22. cxd6 Qg5 23. g3 Nd4 24. d7 Nf3+ 25. Kg2 Nxh2+ 26. Kg1 Nf3+ 27. Kf1 Nd4 28. Qc5 Qh6 29. Rxd4 exd4 30. Qxf8+ Bxf8 31. d8Q Qh1+ 32. Ke2 Qxa1 33. Qxd4 Qh1 34. a3 Bf3+ 35. Kd2 Qd1+ 36. Kc3 Bg7 0-1

[Event "Klatovy op-A 23rd"]
[Site "Klatovy"]
[Date "2017.07.08"]
[Round "8"]
[White "Lacina, Adolf"]
[Black "Neuman, Petr"]
[Result "1/2-1/2"]
[WhiteElo "2237"]
[BlackElo "2442"]
[PlyCount "67"]
[EventDate "2017.07.01"]
[EventType "swiss"]
[EventRounds "9"]
[EventCountry "CZE"]
[SourceTitle "EXT 2018"]
[Source "ChessBase"]
[SourceDate "2017.10.13"]
[SourceVersion "1"]
[SourceVersionDate "2017.10.13"]
[SourceQuality "1"]

1. e4 c6 2. d4 d5 3. exd5 cxd5 4. Bd3 Nc6 5. c3 Qc7 6. Qb3 Nxd4 7. Qxd5 Nc6 8. Ne2 Nf6 9. Qg5 h6 10. Qh4 e5 11. 0-0 Be6 12. Nd2 0-0-0 13. Bb5 a6 14. Bc4 Nd5 15. b4 g5 16. Qe4 f5 17. Qb1 e4 18. b5 axb5 19. Qxb5 Bg7 20. Bb2 Rhe8 21. Nd4 Bxd4 22. cxd4 Qa5 23. Nb3 Qxb5 24. Bxb5 Nc7 25. Bxc6 bxc6 26. Nc5 Bd5 27. a4 Ne6 28. Nxe6 Rxe6 29. Ba3 f4 30. Bc5 e3 31. fxe3 Rxe3 32. a5 Rde8 33. a6 Re2 34. Rf2 1/2-1/2

[Event "Klatovy op-A 23rd"]
[Site "Klatovy"]
[Date "2017.07.04"]
[Round "4"]
[White "Lacina, Adolf"]
[Black "Weber, Dirk"]
[Result "1/2-1/2"]
[WhiteElo "2237"]
[BlackElo "2269"]
[PlyCount "103"]
[EventDate "2017.07.01"]
[EventType "swiss"]
[EventRounds "9"]
[EventCountry "CZE"]
[SourceTitle "EXT 2018"]
[Source "ChessBase"]
[SourceDate "2017.10.13"]
[SourceVersion "1"]
[SourceVersionDate "2017.10.13"]
[SourceQuality "1"]

1. e4 c5 2. Nf3 e6 3. d4 cxd4 4. Nxd4 a6 5. Be2 Nf6 6. Nc3 Qc7 7. 0-0 d6 8. a4 b6 9. f4 Bb7 10. Bf3 h5 11. f5 e5 12. Nb3 Nbd7 13. Bg5 Be7 14. Qd2 0-0-0 15. Rfd1 Kb8 16. Nc1 Rc8 17. Kh1 g6 18. fxg6 fxg6 19. Nd3 Qd8 20. Nb4 Rc4 21. Bxf6 Nxf6 22. Ncd5 Nxd5 23. Nxd5 g5 24. b3 Rd4 25. Qf2 g4 26. Rxd4 exd4 27. Be2 Bxd5 28. exd5 Rf8 29. Qg3 Qc7 30. Bc4 a5 31. Qd3 Bf6 32. Rf1 Qg7 33. Bb5 Be5 34. Bc6 Ka7 35. Rxf8 Qxf8 36. Qh7+ Bg7 37. Kg1 Qe7 38. Kf1 Qg5 39. Qe4 h4 40. g3 hxg3 41. hxg3 Be5 42. Qh7+ Bg7 43. Qe4 Be5 44. Ke2 Qe3+ 45. Qxe3 dxe3 46. Kxe3 Bxg3 47. Bd7 Be1 48. Bxg4 Kb8 49. Kd3 Kc7 50. Kc4 Bd2 51. c3 Be1 52. Bf5 1/2-1/2

[Event "Klatovy op-A 23rd"]
[Site "Klatovy"]
[Date "2017.07.01"]
[Round "1"]
[White "Lacina, Adolf"]
[Black "Cecil, Pavel"]
[Result "1-0"]
[WhiteElo "2237"]
[BlackElo "1967"]
[PlyCount "99"]
[EventDate "2017.07.01"]
[EventType "swiss"]
[EventRounds "9"]
[EventCountry "CZE"]
[SourceTitle "EXT 2018"]
[Source "ChessBase"]
[SourceDate "2017.10.13"]
[SourceVersion "1"]
[SourceVersionDate "2017.10.13"]
[SourceQuality "1"]

1. e4 e6 2. d4 d5 3. Nd2 Nf6 4. e5 Nfd7 5. Bd3 c5 6. c3 Nc6 7. Ne2 cxd4 8. cxd4 f6 9. exf6 Qxf6 10. Nf3 h6 11. 0-0 Bd6 12. Bb1 0-0 13. a3 Rd8 14. Nc3 a6 15. Re1 Nf8 16. Be3 Bd7 17. h3 Be8 18. Nh2 Bg6 19. Ng4 Qh4 20. Bxg6 Nxg6 21. Bxh6 gxh6 22. Rxe6 Kg7 23. Nxd5 Bh2+ 24. Kxh2 Rxd5 25. Qb3 Rb5 26. Rxg6+ Kxg6 27. Qe6+ Kg7 28. d5 Rf8 29. dxc6 Qg5 30. Rd1 bxc6 31. Qxc6 h5 32. Rd7+ Rf7 33. Rxf7+ Kxf7 34. Qc7+ Kf8 35. Qd6+ Kf7 36. f4 Qg7 37. Ne5+ Kg8 38. b4 Kh7 39. Qxa6 Rd5 40. Qe2 Kh6 41. b5 Qf6 42. Qc4 Rd2 43. a4 Kh7 44. Qe4+ Kg7 45. a5 Rf2 46. Nf3 Qb2 47. Nd4 Rd2 48. Qe5+ Kg8 49. Qg5+ Kf8 50. Nf5 1-0

[Event "Wch Seniors 50 26th"]
[Site "Marianske Lazne"]
[Date "2016.11.26"]
[Round "7"]
[White "Sielicki, Tomasz"]
[Black "Lacina, Adolf"]
[Result "0-1"]
[WhiteElo "1947"]
[BlackElo "2206"]
[PlyCount "116"]
[EventDate "2016.11.19"]
[EventType "swiss"]
[EventRounds "11"]
[EventCountry "CZE"]
[SourceTitle "CBM 175 Extra"]
[Source "ChessBase"]
[SourceDate "2016.12.12"]
[SourceVersion "1"]
[SourceVersionDate "2016.12.12"]
[SourceQuality "1"]

1. d4 Nf6 2. Bg5 c5 3. d5 g6 4. Bxf6 exf6 5. c3 Bg7 6. g3 d6 7. e3 0-0 8. Ne2 Nd7 9. Bg2 Qb6 10. Qc2 Re8 11. 0-0 Ne5 12. h3 h5 13. Nd2 a5 14. a4 Qd8 15. Rae1 f5 16. h4 Bd7 17. Nf4 b5 18. axb5 Bxb5 19. c4 Bd7 20. Ra1 Qb6 21. Ra3 a4 22. Rb1 Qb4 23. Nd3 Nxd3 24. Rxd3 Reb8 25. b3 a3 26. Qa2 f4 27. exf4 Bf5 28. Be4 Re8 29. Bxf5 gxf5 30. Re3 Rxe3 31. fxe3 Qc3 32. Nf1 Qd3 33. Kf2 Qxb1 34. Qxb1 a2 35. Qxf5 a1Q 36. Qxh5 Ra2+ 37. Kg1 Qb2 38. Qf3 f5 39. h5 Kf8 40. Kh1 Qf2 41. Qxf2 Rxf2 42. Kg1 Re2 43. Nh2 Rxe3 44. Kf2 Rxb3 45. Nf3 Bf6 46. Nd2 Rc3 47. Ke2 Bd4 48. Nf3 Rxc4 49. Nh4 Rc2+ 50. Kd1 Rh2 51. Nxf5 Rxh5 52. Nxd6 Rxd5 53. Ne4 Rh5 54. Ke2 c4 55. Nd6 Rh2+ 56. Kf3 c3 57. Nb5 c2 58. Nxd4 c1Q 0-1

[Event "Wch Seniors 50 26th"]
[Site "Marianske Lazne"]
[Date "2016.11.21"]
[Round "3"]
[White "Krutina, Miroslav"]
[Black "Lacina, Adolf"]
[Result "0-1"]
[WhiteElo "1983"]
[BlackElo "2206"]
[PlyCount "120"]
[EventDate "2016.11.19"]
[EventType "swiss"]
[EventRounds "11"]
[EventCountry "CZE"]
[SourceTitle "CBM 175 Extra"]
[Source "ChessBase"]
[SourceDate "2016.12.12"]
[SourceVersion "1"]
[SourceVersionDate "2016.12.12"]
[SourceQuality "1"]

1. Nf3 Nf6 2. g3 d5 3. c4 c6 4. Bg2 Bf5 5. 0-0 e6 6. d3 Nbd7 7. a3 a5 8. b3 h6 9. Nbd2 Bc5 10. Bb2 0-0 11. d4 Be7 12. Ne5 Qc7 13. Ndf3 Be4 14. Nd3 a4 15. cxd5 exd5 16. b4 Nb6 17. Nfe5 Bxg2 18. Kxg2 Ne4 19. f3 Nd6 20. Nc5 Ndc4 21. Nxc4 Nxc4 22. Bc1 b5 23. Ra2 Rfe8 24. Nd3 Bf6 25. Nf2 Qb6 26. e3 Rxe3 27. Ng4 Re6 28. Nxf6+ Rxf6 29. Re1 Re6 30. Rxe6 fxe6 31. f4 Qd8 32. Qd3 Qf6 33. Re2 Kf7 34. Rf2 Qf5 35. Rf3 h5 36. Qe2 g6 37. Qd3 Rd8 38. Kf1 Qe4 39. Kf2 Kf6 40. h3 Rh8 41. Kf1 Kf5 42. Kf2 Qxd3 43. Rxd3 Ke4 44. Rd1 Re8 45. Ke2 Rf8 46. Rd3 Rf6 47. Rd1 Rf7 48. Rd3 Rf8 49. Rd1 Re8 50. Rd3 c5 51. dxc5 d4 52. Rd1 Kd5 53. Kf2 e5 54. fxe5 Rxe5 55. Kf3 Rf5+ 56. Ke2 Ke4 57. Rd3 Ne5 58. Rd1 d3+ 59. Kd2 Rf2+ 60. Ke1 Rh2 0-1

[Event "CZE-chT2A 1314"]
[Site "Czech Republic"]
[Date "2014.03.02"]
[Round "9.2"]
[White "Lacina, Adolf"]
[Black "Turner, Radek"]
[Result "1-0"]
[WhiteElo "2197"]
[BlackElo "2085"]
[PlyCount "65"]
[EventDate "2013.11.03"]
[EventType "team-tourn"]
[EventRounds "11"]
[EventCountry "CZE"]
[SourceTitle "EXT 2015"]
[Source "ChessBase"]
[SourceDate "2014.11.20"]
[SourceVersion "1"]
[SourceVersionDate "2014.11.20"]
[SourceQuality "1"]
[WhiteTeam "Strakonice"]
[BlackTeam "Domazlice"]
[WhiteTeamCountry "CZE"]
[BlackTeamCountry "CZE"]

1. e4 Nf6 2. e5 Nd5 3. d4 d6 4. c4 Nb6 5. exd6 exd6 6. Nc3 Nc6 7. d5 Ne5 8. f4 Ned7 9. Nf3 Be7 10. Be2 Nc5 11. b4 Na6 12. Qb3 Bg4 13. 0-0 0-0 14. Be3 Bf6 15. Rae1 Re8 16. Bf2 Qd7 17. h3 Bxf3 18. Bxf3 Rxe1 19. Rxe1 Qf5 20. Re4 h5 21. Ne2 h4 22. a4 c6 23. dxc6 bxc6 24. Qd3 Qh7 25. Qxd6 Qh6 26. Qxc6 Nxb4 27. Re8+ Rxe8 28. Qxe8+ Kh7 29. Qxf7 Qg6 30. Qb7 Qb1+ 31. Kh2 Qf1 32. Be4+ Kg8 33. Bg6 1-0

[Event "CZE-chT2A 1314"]
[Site "Czech Republic"]
[Date "2014.02.16"]
[Round "8.2"]
[White "Houska, Jiri"]
[Black "Lacina, Adolf"]
[Result "0-1"]
[WhiteElo "2212"]
[BlackElo "2197"]
[PlyCount "106"]
[EventDate "2013.11.03"]
[EventType "team-tourn"]
[EventRounds "11"]
[EventCountry "CZE"]
[SourceTitle "EXT 2015"]
[Source "ChessBase"]
[SourceDate "2014.11.20"]
[SourceVersion "1"]
[SourceVersionDate "2014.11.20"]
[SourceQuality "1"]
[WhiteTeam "Plzen Letna"]
[BlackTeam "Strakonice"]
[WhiteTeamCountry "CZE"]
[BlackTeamCountry "CZE"]

1. e4 e6 2. d4 d5 3. Nd2 Nf6 4. e5 Nfd7 5. Bd3 c5 6. c3 Nc6 7. Ngf3 Be7 8. 0-0 g5 9. b4 cxb4 10. cxb4 g4 11. b5 Nb4 12. Ne1 Nxd3 13. Nxd3 h5 14. Nb3 Qb6 15. a4 a6 16. bxa6 Rxa6 17. Be3 Qc7 18. Rc1 Rc6 19. Rxc6 bxc6 20. Qd2 Ba6 21. Ra1 Bc4 22. Nbc5 Nxc5 23. Nxc5 Rg8 24. Qb4 Kd8 25. a5 Bb5 26. a6 Qa7 27. Qa5+ Kc8 28. g3 Kb8 29. Rb1 Ka8 30. Rxb5 cxb5 31. Qxb5 Qc7 32. Bd2 Bxc5 33. dxc5 Rb8 34. Qa4 Qxc5 35. Be3 Qb5 36. Qd4 Qb1+ 37. Kg2 Qe4+ 38. Qxe4 dxe4 39. Kf1 Rb2 40. Bd4 Ra2 41. a7 Kb7 42. h3 Kc6 43. hxg4 hxg4 44. Kg2 Kd5 45. Be3 Kxe5 46. Kh2 Kd5 47. Kg2 Kc4 48. Kg1 Kd3 49. Bb6 e5 50. Be3 f5 51. Kg2 Ke2 52. Kg1 Kf3 53. Kh2 f4 0-1

[Event "CZE-chT2A 1314"]
[Site "Czech Republic"]
[Date "2014.01.05"]
[Round "5.2"]
[White "Contos, Vaclav"]
[Black "Lacina, Adolf"]
[Result "0-1"]
[WhiteElo "2115"]
[BlackElo "2197"]
[PlyCount "88"]
[EventDate "2013.11.03"]
[EventType "team-tourn"]
[EventRounds "11"]
[EventCountry "CZE"]
[SourceTitle "EXT 2015"]
[Source "ChessBase"]
[SourceDate "2014.11.20"]
[SourceVersion "1"]
[SourceVersionDate "2014.11.20"]
[SourceQuality "1"]
[WhiteTeam "Karlovy Vary II"]
[BlackTeam "Strakonice"]
[WhiteTeamCountry "CZE"]
[BlackTeamCountry "CZE"]

1. e4 e6 2. d4 d5 3. e5 c5 4. c3 Nc6 5. Nf3 Bd7 6. a3 a5 7. Bd3 Nge7 8. 0-0 c4 9. Bc2 Nf5 10. Nbd2 Be7 11. Re1 b5 12. Nf1 h5 13. Ne3 g6 14. b3 cxb3 15. Bxb3 a4 16. Bc2 Na5 17. Nd2 Rc8 18. Bb2 Bg5 19. Bd3 Bc6 20. Qe2 Qb6 21. Rab1 Qb7 22. Bc1 Rb8 23. Rf1 Kd7 24. f4 Nxe3 25. Qxe3 Be7 26. Rf2 Qc7 27. Qe2 Nc4 28. Nxc4 bxc4 29. Bc2 Rxb1 30. Bxb1 Rb8 31. Bc2 Qa5 32. Qd2 Ra8 33. g3 Qd8 34. Bd1 Rb8 35. Qa2 Qa5 36. Rb2 Qxc3 37. Rxb8 Qxd4+ 38. Be3 Qxd1+ 39. Kf2 d4 40. Qd2 Qf3+ 41. Ke1 Qxe3+ 42. Qxe3 dxe3 43. Ke2 Bc5 44. h3 Be4 0-1

[Event "CZE-chT2A 1314"]
[Site "Czech Republic"]
[Date "2013.12.01"]
[Round "3.2"]
[White "Filipi, Stepan"]
[Black "Lacina, Adolf"]
[Result "0-1"]
[WhiteElo "2139"]
[BlackElo "2197"]
[PlyCount "84"]
[EventDate "2013.11.03"]
[EventType "team-tourn"]
[EventRounds "11"]
[EventCountry "CZE"]
[SourceTitle "EXT 2015"]
[Source "ChessBase"]
[SourceDate "2014.11.20"]
[SourceVersion "1"]
[SourceVersionDate "2014.11.20"]
[SourceQuality "1"]
[WhiteTeam "Vysehrad II"]
[BlackTeam "Strakonice"]
[WhiteTeamCountry "CZE"]
[BlackTeamCountry "CZE"]

1. e4 e6 2. Nf3 d5 3. e5 c5 4. b4 b6 5. Bb2 Ne7 6. d4 Nf5 7. b5 Be7 8. a4 0-0 9. Bd3 Nxd4 10. Nxd4 cxd4 11. Bxd4 Nd7 12. 0-0 Nc5 13. Nd2 a6 14. Qh5 Nxd3 15. cxd3 g6 16. Qd1 Bd7 17. Qb3 Qb8 18. bxa6 Rxa6 19. Rfb1 Qa8 20. Bxb6 Bxa4 21. Qb2 Rb8 22. Qd4 Bc2 23. Rc1 Bxd3 24. Rxa6 Qxa6 25. Bc5 Rc8 26. Nb3 Bxc5 27. Nxc5 Qa3 28. Qc3 Qxc3 29. Rxc3 Bc4 30. Nd7 Ra8 31. g4 g5 32. Kg2 Ra1 33. h4 gxh4 34. Kh3 Rh1+ 35. Kg2 Ra1 36. Kh3 Rh1+ 37. Kg2 Rd1 38. Ra3 Kg7 39. Nf6 Re1 40. f4 Re2+ 41. Kh3 Ra2 42. Rc3 Bf1+ 0-1

[Event "CZE-chT2A 1314"]
[Site "Czech Republic"]
[Date "2013.11.03"]
[Round "1.2"]
[White "Bujak, Michal"]
[Black "Lacina, Adolf"]
[Result "0-1"]
[WhiteElo "2145"]
[BlackElo "2197"]
[PlyCount "214"]
[EventDate "2013.11.03"]
[EventType "team-tourn"]
[EventRounds "11"]
[EventCountry "CZE"]
[SourceTitle "EXT 2015"]
[Source "ChessBase"]
[SourceDate "2014.11.20"]
[SourceVersion "1"]
[SourceVersionDate "2014.11.20"]
[SourceQuality "1"]
[WhiteTeam "Tachov"]
[BlackTeam "Strakonice"]
[WhiteTeamCountry "CZE"]
[BlackTeamCountry "CZE"]

1. e4 e6 2. d4 d5 3. e5 c5 4. Qg4 Nc6 5. Nf3 Nxd4 6. Nxd4 cxd4 7. Bd3 Qb6 8. 0-0 Bd7 9. Nd2 Bb5 10. Bxb5+ Qxb5 11. Nf3 d3 12. cxd3 Ne7 13. Nd4 Qxd3 14. Rd1 Qa6 15. a4 Ng6 16. Nb5 Rc8 17. Be3 Be7 18. f4 0-0 19. Qg3 Rc2 20. Nd4 Rxb2 21. f5 exf5 22. Nxf5 Qe6 23. Rf1 Rb3 24. Nd4 Rxe3 25. Nxe6 Rxg3 26. Nxf8 Re3 27. Nxg6 hxg6 28. Rfe1 Bc5 29. Rxe3 Bxe3+ 30. Kf1 Kf8 31. Re1 d4 32. Rb1 b6 33. Rb5 Ke7 34. Ke2 Kd7 35. a5 Kc6 36. axb6 axb6 37. Rb1 Bf4 38. e6 fxe6 39. g3 Bd6 40. Kd3 Kd5 41. Rxb6 e5 42. Rb7 e4+ 43. Kd2 Be5 44. Ra7 g5 45. Ra5+ Ke6 46. Ra6+ Kf5 47. Ra5 g4 48. Rb5 Ke6 49. Rb6+ Kf7 50. Rb5 Bf6 51. Ke2 Ke6 52. Ra5 Be7 53. Rb5 Bf6 54. Ra5 Kf7 55. Rb5 g6 56. Ra5 Ke6 57. Ra6+ Kf5 58. Ra5+ Be5 59. Ra6 Bg7 60. Ra5+ Be5 61. Ra6 Bc7 62. Rc6 Bd8 63. Rc5+ Ke6 64. Rc6+ Kf7 65. Rd6 Bf6 66. Rd5 Ke6 67. Ra5 Be7 68. Rb5 Kd6 69. Rb6+ Ke5 70. Rb5+ Ke6 71. Rb6+ Bd6 72. Rb5 Bc7 73. Rc5 d3+ 74. Kd2 Bd6 75. Rb5 Ba3 76. Ke3 Bc1+ 77. Kxe4 d2 78. Rd5 Kf6 79. Rd4 Ke6 80. Rd3 Kf6 81. Kd5 Kf5 82. Rd4 Kf6 83. Rf4+ Kg5 84. Rf1 Bb2 85. Kc4 Ba3 86. Kc3 Bc1 87. Kd3 Kh6 88. Rd1 Kg5 89. Ke4 Kh6 90. Kd3 Kg5 91. Rf1 Kh6 92. Kc2 Kg5 93. Kd1 Kh5 94. Rf7 Kh6 95. Rb7 Kg5 96. Rb5+ Kf6 97. Rd5 g5 98. Rd4 Kf5 99. Rc4 Ke5 100. Rxg4 Kf5 101. h3 Kf6 102. Rc4 Kf5 103. Rc5+ Kg6 104. Rd5 Kf6 105. Ke2 Ke6 106. Rb5 Kf6 107. Kd1 Kg6 0-1

[Event "Tabor op"]
[Site "Tabor"]
[Date "2013.08.01"]
[Round "6"]
[White "Lacina, Adolf"]
[Black "Ruzicka, Ales"]
[Result "1-0"]
[WhiteElo "2214"]
[BlackElo "2054"]
[PlyCount "55"]
[EventDate "2013.07.28"]
[EventType "swiss"]
[EventRounds "9"]
[EventCountry "CZE"]
[SourceTitle "CBM 155 Extra"]
[Source "ChessBase"]
[SourceDate "2013.08.26"]
[SourceVersion "1"]
[SourceVersionDate "2013.08.26"]
[SourceQuality "1"]

1. e4 c5 2. Nf3 d6 3. d4 cxd4 4. Nxd4 Nf6 5. Nc3 a6 6. Bg5 e6 7. f4 Nbd7 8. Qf3 Qc7 9. g4 b5 10. 0-0-0 Bb7 11. Bxf6 Nxf6 12. g5 Nd7 13. Bh3 Nb6 14. f5 e5 15. Nde2 b4 16. Nd5 Bxd5 17. exd5 Rc8 18. c3 bxc3 19. Nxc3 Nc4 20. f6 Rb8 21. b3 Na3 22. Kb2 Qa5 23. Qg4 Rd8 24. Rhf1 Nb5 25. Ne4 Qa3+ 26. Kb1 g6 27. Rc1 h5 28. Qc8 1-0

[Event "Tabor op"]
[Site "Tabor"]
[Date "2013.07.30"]
[Round "4"]
[White "Lacina, Adolf"]
[Black "Handl, Martin"]
[Result "1/2-1/2"]
[WhiteElo "2214"]
[BlackElo "2078"]
[PlyCount "70"]
[EventDate "2013.07.28"]
[EventType "swiss"]
[EventRounds "9"]
[EventCountry "CZE"]
[SourceTitle "CBM 155 Extra"]
[Source "ChessBase"]
[SourceDate "2013.08.26"]
[SourceVersion "1"]
[SourceVersionDate "2013.08.26"]
[SourceQuality "1"]

1. e4 c5 2. Nf3 d6 3. d4 cxd4 4. Nxd4 Nf6 5. Nc3 a6 6. Bg5 e5 7. Bxf6 Qxf6 8. Nd5 Qd8 9. Nb3 Be7 10. a4 Be6 11. a5 Nc6 12. Be2 0-0 13. 0-0 Bg5 14. c3 g6 15. Bg4 Rb8 16. Re1 Ne7 17. Bxe6 fxe6 18. Nb6 Nc6 19. Nc4 Be7 20. Qd3 Qc7 21. Qh3 Rf6 22. Ne3 Rd8 23. Red1 b5 24. Rd2 Kg7 25. Ng4 Rf4 26. Ne3 Rf6 27. Kh1 Kg8 28. f3 Kg7 29. Ng4 Rf4 30. Ne3 Rf6 31. Qg4 Qa7 32. Re1 Qc7 33. Ra1 Qa7 34. Re1 Qc7 35. Ra1 Qa7 1/2-1/2

[Event "Tabor op"]
[Site "Tabor"]
[Date "2013.07.29"]
[Round "3"]
[White "Lacina, Filip"]
[Black "Lacina, Adolf"]
[Result "1/2-1/2"]
[WhiteElo "2072"]
[BlackElo "2214"]
[PlyCount "67"]
[EventDate "2013.07.28"]
[EventType "swiss"]
[EventRounds "9"]
[EventCountry "CZE"]
[SourceTitle "CBM 155 Extra"]
[Source "ChessBase"]
[SourceDate "2013.08.26"]
[SourceVersion "1"]
[SourceVersionDate "2013.08.26"]
[SourceQuality "1"]

1. e4 e6 2. d4 d5 3. Nc3 Nf6 4. Bg5 Be7 5. e5 Nfd7 6. Bxe7 Qxe7 7. f4 0-0 8. Nf3 c5 9. Nb5 Nc6 10. Bd3 f5 11. c3 a6 12. Nd6 Nd8 13. Ng5 h6 14. h4 hxg5 15. hxg5 g6 16. Rh6 Qg7 17. Qf3 Nf7 18. Nxf7 Rxf7 19. 0-0-0 c4 20. Bc2 Nf8 21. g4 fxg4 22. Qxg4 Rf5 23. Rdh1 Kf7 24. Qh4 b5 25. Qg3 Ra7 26. Rh8 Ke7 27. Bxf5 exf5 28. R1h6 Be6 29. Qh2 Kd8 30. Kd2 Kd7 31. Ke3 Kc6 32. b3 Rb7 33. Qb2 Qe7 34. b4 1/2-1/2